000 00248 a2200097 4500
020 _a9788197203343
100 _aAsha Abhilash
245 _aKalyaneemadhavam(കല്യാണീമാധവം)
260 _bMankind Literature
_c2024
942 _cOO
999 _c115380
_d115379